ゴッドフィールド(God Field)の神器 - Statistics

General Stats
  • This quiz has been taken 87 times
  • The average score is 60 of 237
Answer Stats
性能・効果 カード名 % Correct
両替する 両替
100%
神器を一個売る 売る
100%
神器を一個買う 買う
100%
風邪 <風>
72%
<夢>
72%
攻30(誰かに攻撃する) あぶないキネ
69%
(あぶないキネから99ダメージ) あぶないウス
68%
<霧>
68%
暗雲 <暗雲>
68%
攻1 銅のこん棒
65%
攻1 銀のこん棒
65%
攻1 金のこん棒
65%
攻3(二回攻撃する) のこぶんぶん
63%
攻10 <炎>
63%
攻25 <滝>
63%
攻4 <氷>
62%
攻5 <闇>
60%
(攻撃力を倍にする) <オーラ>
59%
(無属性武器を止める) <壁>
59%
攻30 神の剣
57%
25%攻1(昇天のとき75%攻30) 昇天弓
57%
何でもはね返す スーパーミラー
57%
攻10(HPを吸収する) <吸収>
57%
25%攻1(ダメージで閃光) <閃光>
57%
攻10(無属性武器をはね返す) 反射剣
56%
攻1 ちくりんちょ
54%
+MP20(天国病) 天国草
54%
(すべての敵に攻撃する) <蜃気楼>
54%
守30 神の盾
53%
75%攻30 <氷河期>
53%
25%攻20 プチサターン
50%
25%攻10 <雷>
50%
反撃(霧) 水星の指輪
49%
反撃(夢) 木星の指輪
49%
反撃(攻{ダメージ×2}) 土星の指輪
49%
反撃(¥{ダメージ}没収) 金星の指輪
49%
(HP0になると+HP10) 太陽のお守り
49%
攻8 <岩>
49%
攻2 ムチ
47%
反撃(75%攻{ダメージ}) 火星の指輪
47%
(すべての災いを払う) ハートの貝がら
47%
(+HP10) <泉>
47%
50%攻12 <土石流>
46%
+攻1 吹き矢
44%
+HP10(または 10ダメージ) ドキドキ涙
44%
+攻10 <流星>
44%
(すべての災いを払う) <歌声>
44%
攻5(無属性武器を弾く) 乱弾武剣
43%
攻{MP×2} マジカルステッキ
43%
天国病 <天国風>
43%
75%攻15 <マグマ>
43%
(奇跡を弾く) <乱気流>
43%
攻3 パンチ
41%
攻8(ダメージで地獄病) 地獄のハサミ
41%
攻6 <大木>
41%
守1 革の帽子
40%
攻撃の属性をこし取る 虹のカーテン
40%
(+¥10) <財宝>
40%
(風邪 熱病 霧 閃光 の災いを払う) スマイルの貝がら
38%
+攻2 <火の玉>
38%
攻7(HPを吸収する) ゴーストソード
37%
攻9(ダメージで風邪) 疾風剣
37%
攻10 死神のカマ
37%
(超常現象が起こる) 運命のひも
37%
75%攻8 <雪崩>
37%
反撃(暗雲) 冥王の指輪
35%
攻10(守10) ソードシールド
34%
攻1 たいまつ
34%
攻13 ダイヤモンドソード
34%
守2 革の服
34%
反撃(+MP{ダメージ×2}) 海王の指輪
34%
攻4 ハチェット
32%
守9(+攻15) 鬼のよろい
32%
(守護神が宿る) <解放>
32%
+攻5 冥矢
31%
反撃(閃光) 天王の指輪
31%
+HP20 天の川のおいしい水
31%
(起こした奇跡を二個洗い流す) 女神の石けん
31%
攻12(HPを吸収する) リアルゴーストソード
29%
攻13(ダメージで風邪) 激烈疾風剣
29%
攻1 つらら
29%
+HP10 ハートのしずく
29%
(+攻10) ちからの粉
29%
75%攻4 <煙>
29%
(風邪 熱病 霧 閃光 の災いを払う) <音色>
29%
攻4 さよならの剣
28%
守7(+攻10) 鬼のかぶと
28%
攻12 もろぶっこみアクス
26%
攻13(奇跡を止める) エンゼルソード
26%
攻9 聖剣
26%
75%攻1 火の粉袋
26%
25%攻6 ガケッツチ
26%
守10(使用者に熱病) 熱狂仮面
26%
+HP5 スマイルのしずく
26%
+攻9(奇跡を弾く) スカイハープーン
25%
+攻13 独楽コンバット
25%
攻2(守6) セイバーロッド
24%
攻13(守1) 伝説の剣のさや
24%
(消費なしで奇跡を起こす) 精霊のぬいぐるみ
24%
攻10(奇跡をはね返す) 月光のオノ
22%
攻13 絶景のヤリ
22%
+攻15(奇跡を止める) エンゼルの弓
22%
攻1 木刀
22%
+攻5 旧石器ジャベリン
22%
25%攻3 イナヅマキッズ
22%
守5(+攻10) 鬼の小手
22%
守9(奇跡を弾く) スカイアーマー
22%
+MP5 スマイルの花
22%
(神器を三個掃き飛ばす) 夜空のホウキ
22%
攻7 なぎなたクラシック
21%
攻8 ファイナル牙
21%
攻10(ダメージで夢) いんちきスピア
21%
攻15 ドラゴンクロウ
21%
攻15(奇跡を止める) エンゼルアクス
21%
75%攻4 火炎杯
21%
50%攻10 フレアアクス
21%
守12(奇跡をはね返す) 月光のよろい
21%
守15(奇跡を止める) エンゼルアーマー
21%
+MP15 ロマンスの香木
21%
攻5 鎖ガマ
19%
攻9(奇跡を止める) エンゼルナイフ
19%
攻11(ダメージで暗雲) 六角凶
19%
攻14(使用者に同じダメージ) 邪神の大剣
19%
守1(奇跡を弾く) スカイブーツ
19%
+MP10 ハートの花
19%
(守護神が宿る) 守護封印のつぼ
19%
+攻3 ブーメラン
18%
攻6(守3) エルボーサック
18%
+攻2(火属性に染める) 発火のワンド
18%
攻3(ダメージで霧) 霧鉄砲
18%
+攻5(水属性に染める) 魔水のワンド
18%
攻8 火竜一角
18%
攻8 水竜一角
18%
守13(奇跡を止める) エンゼルシールド
18%
攻12(消費なしで奇跡を起こす) 精霊の杖
16%
攻2 あちちナイフ
16%
攻2(ダメージで閃光) フラッシュダガー
16%
攻3 コブラ
16%
50%攻2 シャドウハンド
16%
50%攻3(ダメージで霧) 霧の扇
16%
75%攻6 光のオーブ
16%
守14(使用者に夢) 夢見る帽子
16%
+HP15 ロマンスウォーター
16%
攻5(守7) 打撃の鉄板
15%
攻6 硬いつち
15%
攻10 ワンダーソード
15%
攻11 グラビティメイス
15%
攻14 暴れフレイル
15%
攻1(ダメージで風邪) 風のカギ爪
15%
+攻1 輝きのカケラ
15%
攻3 燃えムチ
15%
+攻7 新石器トマホーク
15%
75%攻3(HPを吸収する) つるシュート
15%
75%攻4 岩石杯
15%
守3(+攻5) 鬼のくつ
15%
守8(奇跡をはね返す) 月光のかぶと
15%
攻4(守4) ほむら巻き
13%
守5(奇跡を弾く) スカイヘルム
13%
守7(奇跡を弾く) スカイシールド
13%
守9 はがねのよろい
13%
攻4(守2) とげベルト
12%
+攻8 サイキックカード
12%
+攻11 恐怖の車輪
12%
攻4(ダメージで夢) 夢の木づち
12%
攻5 キラーフォーク
12%
守5 アイアンアーマー
12%
守10(奇跡をはね返す) 月光の盾
12%
守10 きらきらドレス
12%
守13 コアプロテクター
12%
+攻2 クロスボウ
10%
+攻4 バトルボール
10%
攻3 スタースタッフ
10%
75%攻7 烈火シャワー
10%
50%攻9 雨神刀
10%
守4 アイアンシールド
10%
守6 フレイムアーマー
10%
攻2 いばらのムチ
9%
攻3 いがナッツ
9%
+攻4 ファイヤークロスボウ
9%
75%攻8(守6) 魔神の木馬
9%
守1 アクアシューズ
9%
守3(奇跡を弾く) スカイガントレット
9%
守5 アイスシールド
9%
守8 はがねの盾
9%
守9(奇跡を止める) エンゼルの小手
9%
攻2 つるぎ焼き
7%
攻5 ブレイズブレイド
7%
75%攻4 植物杯
7%
守2 木の盾
7%
守5 フレイムシールド
7%
守6 はがねの小手
7%
守11(奇跡を止める) エンゼルの帽子
7%
攻9 パワーハルベルト
6%
+攻2 葉っぱ手裏剣
6%
75%攻4 冷気杯
6%
守3 アイアンガントレット
6%
守6(消費なしで奇跡を起こす) 精霊の足袋
6%
守7 はがねのかぶと
6%
守10 エナジーヘルム
6%
守11 エナジーアーマー
6%
守12(消費なしで奇跡を起こす) 精霊の帯
6%
+攻5 戦士の弓
4%
+攻6 ジェットヨーヨー
4%
+攻7 未知の羽根
4%
+攻3 熟成ゴムの弓
4%
攻4 氷結ハンマー
4%
50%攻5 特大雪玉
4%
守6 アイスアーマー
4%
守6 ぴかぴかハイヒール
4%
守12 コアバリヤー
4%
守12 陽炎のよろい
4%
攻5 ジャスティスランス
3%
守1 草かんむり
3%
守3 結晶板
3%
守4 フレイムヘルム
3%
守4 林の盾
3%
守7 スノーミトン
3%
守9(消費なしで奇跡を起こす) 精霊の頭巾
3%
守1 石版
1%
守2 火花の手袋
1%
守2 アクアグローブ
1%
守2 岩盤
1%
守3 御神木の小手
1%
守4 アイスヘルム
1%
守4 大地のくつ
1%
守6 森の盾
1%
守8 美しいガラス細工
1%
守8 バーニングジャケット
1%
守8 コハクの胸当て
1%
守8 大地のよろい
1%
守3 フレイムブーツ
0%
守3 アイスブーツ
0%
守5 樹脂で編んだ法衣
0%
守5 大地の小手
0%
守6 大地のかぶと
0%
守7 バーニングシールド
0%
守8 スノーマスク
0%
No matching quizzes found
Score Distribution
Percent of People with Each Score
Percentile by Number Answered
Your Score History
You have not taken this quiz